zpět

Detail výsledku týmu

Beachklub Ládví, Praha

Datum a čas kvízu

31 Celkem bodů Celkový počet nahraných bodů na tomto kvízu bez doplňovacích otázek.
6. Pořadí na kvízu Konečné umístění týmu na tomto kvízu.

Zaznamenané odpovědi

# Otázka Odpověď Body Výsledky
1. Socha které historické postavy... Pilát Pontský 0
2. Na sociálních sítích jste mohl... B) osla 1
3. Jedna česká influencerka se f... Ornella Koktová 0
4. Designér Nik Bentel vytvořil v... nákupní košík (vozík) 1
5. Jeden český prvoligový klub po... Baník Ostrava; Tomáš Galásek 0
6. Zimní olympiádu v Itálii máme... Alberto Tomba 1
7. Vyberte nepravdivé tvrzení o t... A 0
8. Ačkoliv vyhrála zlato a stanov... rychlobruslení 1
9. Seřaďte české olympioniky podl... 1B 2A 3D 4C 1
10. Do ženské kvalifikace týmového... Nazgul 1